[Financie prirodzených monopolov]

Recenzia na monografiu, ktorej predmetom sú prirodzené monopoly so zameraním sa na špecifiká ich financovania, ktoré vyplývajú z ich výnimočného postavenia v ekonomike. Ako prirodzený monopol sa všeobecne označuje podnik alebo odvetvie, ktorého priemerné náklady na jednotku výroby prudko klesajú v...

Descrizione completa

Salvato in:
Dettagli Bibliografici
Autore principale: Belanová, Katarína, 1978-
Natura: Capitolo di libro
Lingua:slovacco
Soggetti:
Tags: Aggiungi Tag
Nessun Tag, puoi essere il primo ad aggiungerne!!

MARC

LEADER 00000nla a2200000 4500
001 0185067
005 20240502073154.4
041 0 |a slo 
044 |a SK 
245 1 0 |a [Financie prirodzených monopolov]  |c Katarína Belanová 
520 |a Recenzia na monografiu, ktorej predmetom sú prirodzené monopoly so zameraním sa na špecifiká ich financovania, ktoré vyplývajú z ich výnimočného postavenia v ekonomike. Ako prirodzený monopol sa všeobecne označuje podnik alebo odvetvie, ktorého priemerné náklady na jednotku výroby prudko klesajú v celom rozsahu jeho produkcie, ako je to napríklad pri lokálnej distribúcii elektriny. V takom prípade jediný podnik, monopol, môže dodávať celú produkciu daného odvetvia efektívnejšie ako viaceré podniky. 
610 2 0 |a recenzie 
610 2 0 |a koncentrácia 
610 2 0 |a monopoly prirodzené 
610 2 0 |a konkurencia 
100 1 |a Belanová, Katarína, 1978-